00409nam a2200145Ia 4500008004100000020001200041041000800053082001600061100003300077245005300110250000600163260006100169300001100230650002200241210716s2003 xx 000 0 und d a7053255 aeng a004.65 SIMC aSimmons, Curt; Dalan, David. aA+ technicians on- the- job guide to networking. a1 aNew DelhibTata McGraw Hill Publishing Company Ltdc2003 axx,455 aComputer Networks